000 00613nam a22001817a 4500
082 _a358.295491
_bPAK
_cL-30-II, P-168
100 _aBeg Mirza Aslam.,
_937978
245 _aHistory of the corps of engineers Pakistan army
_bMirza Aslam Beg.,
260 _aRawalpindi :
_bThe Army Press (Regd)
_cc1989.
300 _a349 p.:
_bill.;
526 _a0
_b0
_c0
_d358_295491000000000_PAK
526 _a0
_b0
_c0
_d358_295491000000000_PAK
526 _a0
_b0
_c0
_d358_295491000000000_PAK
526 _a0
_b0
_c0
650 _aHistory of the corps of engineers
_xPakistan Army
_937979
650 _aMCE
_9379
942 _2ddc
_cBK
999 _c542697
_d542697